[Event "GER-chT U14 Girls"]
[Site "Neumuenster"]
[Date "2019.12.28"]
[Round "4.4"]
[White "Reiter, Hannah"]
[Black "Muhina, Liana"]
[Result "0-1"]
[WhiteElo "1373"]
[BlackElo "1272"]
[PlyCount "44"]
[EventDate "2019.12.27"]
[EventType "team-swiss"]
[EventRounds "7"]
[EventCountry "GER"]
[SourceTitle "CBM 194 Extra"]
[Source "ChessBase"]
[SourceDate "2020.03.31"]
[SourceVersion "1"]
[SourceVersionDate "2020.03.31"]
[SourceQuality "1"]
[WhiteTeam "Karlsruhe SF"]
[BlackTeam "Garching"]
[WhiteTeamCountry "GER"]
[BlackTeamCountry "GER"]

1. e4 d5 2. exd5 Qxd5 3. Nc3 Qa5 4. Nf3 Nf6 5. d4 Bg4 6. Be2 e6 7. Bd2 c6 8. 0-0 Bd6 9. Ne4 Qc7 10. Nxf6+ gxf6 11. Bh6 Rg8 12. Bc4 Bh3 13. Nh4 Bxh2+ 14. Kh1 Rg4 15. gxh3 Rxh4 16. Bg7 Rxh3 17. Kg2 Rh4 18. Qe2 Nd7 19. Bxe6 0-0-0 20. Bxf6 Rg8+ 21. Kh1 Bg1+ 22. Bxh4 Qh2# 0-1